01404nam a2200361 i 4500003000500000005001700005008004100022020001800063040001800081041000800099050002300107100002600130245019100156250002600347264004600373300002600419336002200445337002400467338002400491500006500515520018000580650003100760650001700791650002300808650002700831650002200858650002700880650003100907700004100938710003200979942001401011999001701025OSt\20260601171015.0260507b2010\\\\sp\a||||\||||\00|\0\eng\d a9788415967781 aICIbspacICI aeng aNC998.5b.I36 2015 aDíaz, Sonia,933803 aIconicity :bpictograms, ideograms, signs for utility, usefulness and pleasure /pictogrammes, ideogrammes, signes utiles, utilitaires et décoratifs /cSonia Díaz, Gabriel Martínez. aMultilingual edition. aBarcelona, España :bPromopress,c2015. a223 páginas c21cm. 2rdacontentatexto 2rdamediaasin medio 2rdacarrieravolumen aTexto en inglés con títulos paralelos en varios idiomas. aObra sobre sistemas de comunicación visual mediante pictogramas e ideogramas aplicados al diseño gráfico, la señalización y la comunicación funcional y estética. aDiseño gráfico.918020 aPictogramas. aIdeogramas.933805 aComunicación visual. aSeñalización. aSímbolos gráficos. aDiseño de información. aMartínez, Gabriel, eautor.933810 2aPromopress,eeditor.933811 2lcccBn1 c20661d20661